Distributed computing : (Record no. 13371)
[ view plain ]
| 000 -LEADER | |
|---|---|
| fixed length control field | 01418cam a22003257a 4500 |
| 001 - CONTROL NUMBER | |
| control field | 15386809 |
| 005 - DATE AND TIME OF LATEST TRANSACTION | |
| control field | 20090112115914.0 |
| 008 - FIXED-LENGTH DATA ELEMENTS--GENERAL INFORMATION | |
| fixed length control field | 080729s2008 enka b 001 0 eng |
| 010 ## - LIBRARY OF CONGRESS CONTROL NUMBER | |
| LC control number | 2008274939 |
| 015 ## - NATIONAL BIBLIOGRAPHY NUMBER | |
| National bibliography number | GBA783987 |
| Source | bnb |
| 016 7# - NATIONAL BIBLIOGRAPHIC AGENCY CONTROL NUMBER | |
| Record control number | 014100636 |
| Source | Uk |
| 020 ## - INTERNATIONAL STANDARD BOOK NUMBER | |
| International Standard Book Number | 9780521876346 (hbk.) |
| 035 ## - SYSTEM CONTROL NUMBER | |
| System control number | (OCoLC)ocn175284075 |
| 040 ## - CATALOGING SOURCE | |
| Original cataloging agency | UKM |
| Transcribing agency | UKM |
| Modifying agency | BTCTA |
| -- | YDXCP |
| -- | BAKER |
| -- | BWKUK |
| -- | BWX |
| -- | IXA |
| -- | DLC |
| 042 ## - AUTHENTICATION CODE | |
| Authentication code | ukblcatcopy |
| -- | lccopycat |
| 050 00 - LIBRARY OF CONGRESS CALL NUMBER | |
| Classification number | QA76.9.D5 |
| Item number | K74 2008 |
| 082 04 - DEWEY DECIMAL CLASSIFICATION NUMBER | |
| Classification number | 004.36 |
| Edition number | 22 |
| Item number | KSH |
| 100 1# - MAIN ENTRY--PERSONAL NAME | |
| Personal name | Kshemkalyani, Ajay D. |
| 9 (RLIN) | 11317 |
| 245 10 - TITLE STATEMENT | |
| Title | Distributed computing : |
| Remainder of title | principles, algorithms, and systems / |
| Statement of responsibility, etc | Ajay D. Kshemkalyani and Mukesh Singhal. |
| 260 ## - PUBLICATION, DISTRIBUTION, ETC. (IMPRINT) | |
| Place of publication, distribution, etc | Cambridge ; |
| -- | New York : |
| Name of publisher, distributor, etc | Cambridge University Press, |
| Date of publication, distribution, etc | c.2008. |
| 300 ## - PHYSICAL DESCRIPTION | |
| Extent | xvii, 736 p. : |
| Other physical details | ill. ; |
| Dimensions | 25 cm. |
| 500 ## - GENERAL NOTE | |
| General note | Includes Index. |
| 504 ## - BIBLIOGRAPHY, ETC. NOTE | |
| Bibliography, etc | Includes bibliographical references and index. |
| 650 #0 - SUBJECT ADDED ENTRY--TOPICAL TERM | |
| Topical term or geographic name as entry element | Electronic data processing |
| General subdivision | Distributed processing. |
| 9 (RLIN) | 11318 |
| 700 1# - ADDED ENTRY--PERSONAL NAME | |
| Personal name | Singhal, Mukesh. |
| 9 (RLIN) | 11319 |
| 942 ## - ADDED ENTRY ELEMENTS (KOHA) | |
| Source of classification or shelving scheme | Dewey Decimal Classification |
| Item type | Book - Borrowing |
| Withdrawn status | Item status | Source of classification or shelving scheme | Damaged status | Not for loan | Vendor | Home library | Current library | Shelving location | Date acquired | Source of acquisition | Cost, normal purchase price | Serial Enumeration / chronology | Total Checkouts | Full call number | Barcode | Date last seen | Koha item type |
|---|---|---|---|---|---|---|---|---|---|---|---|---|---|---|---|---|---|
| Dewey Decimal Classification | Alahram | Central Library | Central Library | Lower Floor | 14/02/2010 | 360.00 | 37 | 004.36 KSH | 000019647 | 15/07/2025 | Book - Borrowing | ||||||
| Dewey Decimal Classification | Alahram | Central Library | Central Library | Lower Floor | 14/02/2010 | 360.00 | 37 | 004.36 KSH | 000019656 | 15/07/2025 | Book - Borrowing |